| 000 | 01733naa a2200385 i 4500 | ||
|---|---|---|---|
| 003 | EG-GICUC | ||
| 005 | 20260121101427.0 | ||
| 008 | 251203s1934 us ||||fr|||||||1 | eng d | ||
| 040 |
_aEG-GiCUC _beng _cEG-GiCUC _dEG-GiCUC _erda |
||
| 041 | 1 | _aeng | |
| 082 | 0 | 4 |
_221 _a341.22 _bWO. J |
| 092 | 0 | 4 | _221 |
| 099 | _aLaw1 11 341.22 WO. J 1934 | ||
| 100 | 1 |
_aWolff, Christian, _d1679-1754, _eAuthor. |
|
| 245 | 1 | 0 |
_aJus gentium methodo scientifica pertractatum. _nVolume 2, _pThe Translation / _cby Christian Wolff ; The Translation by Joseph H. Drake. |
| 264 | 3 |
_aOxford : _bThe Clarendon University Press, _c1934. |
|
| 264 | 1 |
_aLondon : _bHumphrey Milford, _c1934. |
|
| 300 |
_aVarious paging ; _c24 cm. _bPhotograph, |
||
| 336 |
_2rda content _atext |
||
| 337 |
_2rda media _aComputer |
||
| 338 |
_2rda carrier _aOnline Resource |
||
| 490 | 0 | _aThe classics of international law. | |
| 500 | _aIncludes index | ||
| 500 | _aTranslated from Latin | ||
| 504 | _aIncludes Bibliographic references Includes marginal notes (side-notes) | ||
| 505 | _aVolume I: A photographic reproduction of the edition of 1764, with an introduction by Otfried Nippold, a list of errata, and a portrait of Wolff. Volume II: A translation of the text, by Joseph H. Drake, with a translation (by Francis J. Hemelt) of the introduction by Otfried Nippold, an index, and a portrait of Wolff. | ||
| 546 | _aText in English | ||
| 650 | 1 | 4 |
_2qrmak _xPublic international law _aLeague of Nations |
| 651 | 1 | _2qrmak | |
| 700 | 1 |
_aDrake, Joseph H., _eTranslator. _d1860-1947, |
|
| 700 | 1 |
_aNippold, Otfried, _eContributor _d1864-1938, |
|
| 856 | 4 | 0 | _uhttps://fll.law.cu.edu.eg/fulltext/bks/B11-05509.pdf |
| 905 |
_a75 _eHassnaa |
||
| 942 |
_2ddc _n0 _cBK _e21 |
||
| 999 |
_c48232 _d48232 |
||